Islam Awr Tasawwur-E-Mawt (Record no. 3775)

MARC details
000 -LEADER
fixed length control field 00619nam a2200241 a 4500
020 ## - INTERNATIONAL STANDARD BOOK NUMBER
ISBN
082 00 - DEWEY DECIMAL CLASSIFICATION NUMBER
Classification number 297.23
Author Cutter AHM
100 ## - MAIN ENTRY--AUTHOR NAME
Author name Ahmed, Qutbuddin Mohd
245 ## - TITLE STATEMENT
Title Islam Awr Tasawwur-E-Mawt
260 ## - PUBLICATION, DISTRIBUTION, ETC. (IMPRINT)
Place of publication Hyderabad
Name of publisher Inst.Of Indo-Middle East Cultural Studie
Year of publication 1964
300 ## - PHYSICAL DESCRIPTION
Number of Pages 56p
500 ## - GENERAL NOTE
General note includes index and biblioraphy
505 2# - FORMATTED CONTENTS NOTE
Formatted contents note Bibliography
650 ## - SUBJECT ADDED ENTRY--TOPICAL TERM
Topical Term Eschatology-Islamic
942 ## - ADDED ENTRY ELEMENTS (KOHA)
Koha item type Books
700 1# -
-- Ahmed, Qutbuddin Mohd
Holdings
Collection code Home library Current library Date acquired Cost, normal purchase price Full call number Accession Number Koha item type
  Henry Martyn Institute Library Henry Martyn Institute Library 07/13/2007 100.00 297.23 AHM 06351 Books
                   Copyright © 2026 | Henry Martyn Institute | Hyderabad | TS-500052 | INDIA | Implemented by hmi.edu.in
Hit-Count:

Powered by Koha